Journal from the center of the earth (Record no. 9034)

MARC details
000 -LEADER
fixed length control field 00858nam a22002177a 4500
003 - CONTROL NUMBER IDENTIFIER
control field OSt
005 - DATE AND TIME OF LATEST TRANSACTION
control field 20260312060614.0
008 - FIXED-LENGTH DATA ELEMENTS--GENERAL INFORMATION
fixed length control field 260312b |||||||| |||| 00| 0 eng d
020 ## - INTERNATIONAL STANDARD BOOK NUMBER
International Standard Book Number 9780843132311
040 ## - CATALOGING SOURCE
Original cataloging agency DWCL GS lib
Transcribing agency OC
082 ## - DEWEY DECIMAL CLASSIFICATION NUMBER
Edition number M398 [2008]
100 ## - MAIN ENTRY--PERSONAL NAME
Personal name MASON, EVA
245 ## - TITLE STATEMENT
Title Journal from the center of the earth
Statement of responsibility, etc. EVA MASON
260 ## - PUBLICATION, DISTRIBUTION, ETC.
Place of publication, distribution, etc. New York
Name of publisher, distributor, etc. Price Stem Sloan
Date of publication, distribution, etc. 2008
300 ## - PHYSICAL DESCRIPTION
Extent 78 p
Dimensions 21cm
520 ## - SUMMARY, ETC.
Summary, etc. Professor Otto Lidenbrock, his nephew Axel, and guide Hans descend into an Icelandic volcano to travel to the Earth's core.
650 ## - SUBJECT ADDED ENTRY--TOPICAL TERM
Topical term or geographic name entry element A Journey to the Centre of the Earth by Jules Verne and related adaptations, a "Journal from the Center of the Earth"
650 ## - SUBJECT ADDED ENTRY--TOPICAL TERM
Topical term or geographic name entry element perseverance, courage, and curiosity are essential for overcoming fear and discovering the unknown.
700 ## - ADDED ENTRY--PERSONAL NAME
Personal name EVA MASON
942 ## - ADDED ENTRY ELEMENTS (KOHA)
Source of classification or shelving scheme Dewey Decimal Classification
Koha item type Fiction
Suppress in OPAC No

No items available.